Pensamiento de O'Higgins

Guardat en:
Dades bibliogràfiques
Autor principal: Carrasco, Adela (Autor)
Format: Llibre
Idioma:espanyol
Publicat: Santiago Gabriela Mistral Ltda. 1974
Edició:1a. ed
Col·lecció:Colección Ideario
Matèries:
Etiquetes: Afegir etiqueta
Sense etiquetes, Sigues el primer a etiquetar aquest registre!

MARC

LEADER 00000cam a2200000 a 4500
001 UCD1583
003 CL-VaPUC
008 160316e19740000cl |||||||||||||||||spa|d
082 0 4 |a 923.1  |b CAR  |2 21 
100 0 |a Carrasco, Adela  |e author  |9 584688 
245 1 0 |a Pensamiento de O'Higgins 
250 |a 1a. ed 
300 |a 180 p 
942 |c BK 
945 |d 20160316 17:23:00  |a dcastane 
260 |a Santiago  |b Gabriela Mistral Ltda.  |c 1974 
650 0 |a Biografías  |9 255210 
650 0 |a Militares chilenos  |9 504196 
650 7 |a PADRES DE LA PATRIA  |2 CL-VaPUC  |9 507627 
583 |a last modification  |c 20160316 17:23:00  |k Rodrigo Vera 
490 0 |a Colección Ideario 
999 |c 362857  |d 362855 
952 |0 0  |1 0  |3 erb  |4 0  |6 923_100000000000000_CAR_1974  |7 0  |8 X  |9 474390  |a FDOBUD  |b FDOBUD  |i 5217865  |o 923.1 CAR 1974  |p 5217865  |r 2019-11-24  |w 2019-11-24  |y BK_X  |z Catalogado en:20160316  |k BUD